| 000 | 00388nam a2200145 a 4500 | ||
|---|---|---|---|
| 001 | 7461 | ||
| 005 | 20180713191344.0 | ||
| 008 | 140415s1992 000 0 spa d | ||
| 041 | _aspa | ||
| 082 |
_a616.8915 _bHOF |
||
| 100 | 1 | _aHOFFMAN, LYNN | |
| 245 | 1 | 0 | _aFUNDAMENTOS DE LA TERAPIA FAMILIAR |
| 250 | _a1a ed. | ||
| 260 |
_a[s.l.] : _bFONDO DE CULTURA ECONOMICA, _c1992 |
||
| 999 |
_c7461 _d7461 |
||